ბათუმის შოთა რუსთაველის სახელმწიფო უნივერსიტეტის ბიბლიოთეკა

Земледелие №7. Октябрь. 2017 (ბიბ.ჩანაწერი № 54474)

000 -LEADER
fixed length control field 00642nam a2200205Ia 4500
001 - CONTROL NUMBER
control field 21536
003 - CONTROL NUMBER IDENTIFIER
control field GE_BSU
008 - FIXED-LENGTH DATA ELEMENTS--GENERAL INFORMATION
fixed length control field 181216s||||||||xx |||||||||||||| ||und||
040 ## - CATALOGING SOURCE
Transcribing agency GE_BSU
245 ## - TITLE STATEMENT
Title Земледелие №7. Октябрь. 2017
245 ## - TITLE STATEMENT
Remainder of title Теоретический и научно-практический журнал
245 ## - TITLE STATEMENT
Statement of responsibility, etc. Гл. ред. Байбеков Р.Ф.
260 ## - PUBLICATION, DISTRIBUTION, ETC.
Place of publication, distribution, etc. Москва
260 ## - PUBLICATION, DISTRIBUTION, ETC.
Date of publication, distribution, etc. 2017
300 ## - PHYSICAL DESCRIPTION
Extent 48 стр. 29см. илл.
653 ## - INDEX TERM--UNCONTROLLED
Uncontrolled term Земледелие №7. Октябрь. 2017
653 ## - INDEX TERM--UNCONTROLLED
Uncontrolled term Периодика
653 ## - INDEX TERM--UNCONTROLLED
Uncontrolled term პერიოდიკა
942 ## - ADDED ENTRY ELEMENTS (KOHA)
Koha item type პერიოდიკა
ეგზემპლარები
Withdrawn status Lost status Damaged status Not for loan Date acquired Barcode Date last seen Price effective from Koha item type Public note
        2018-12-17 p 78921 2018-12-17 2018-12-17 პერიოდიკა პერიოდიკა